A first undergraduate course in abstract algebra / (Record no. 7383)

MARC details
000 -LEADER
fixed length control field 00816nam a2200277 4500
001 - CONTROL NUMBER
control field 2895701
005 - DATE AND TIME OF LATEST TRANSACTION
control field 20150513121923.0
007 - PHYSICAL DESCRIPTION FIXED FIELD--GENERAL INFORMATION
fixed length control field 000
008 - FIXED-LENGTH DATA ELEMENTS--GENERAL INFORMATION
fixed length control field 000
010 ## - LIBRARY OF CONGRESS CONTROL NUMBER
LC control number 87023127
020 ## - INTERNATIONAL STANDARD BOOK NUMBER
International Standard Book Number 0534088449 :
Terms of availability $19.95
040 ## - CATALOGING SOURCE
Original cataloging agency UOEL
Transcribing agency DLC
Modifying agency DLC
050 00 - LIBRARY OF CONGRESS CALL NUMBER
Classification number QA162
Item number .H54 1988
082 00 - DEWEY DECIMAL CLASSIFICATION NUMBER
Classification number 512/.02
Edition number 19
100 1# - MAIN ENTRY--PERSONAL NAME
Personal name Hillman, Abraham P.
245 12 - TITLE STATEMENT
Title A first undergraduate course in abstract algebra /
Statement of responsibility, etc Abraham P. Hillman, Gerald L. Alexanderson.
250 ## - EDITION STATEMENT
Edition statement 4th ed.
260 ## - PUBLICATION, DISTRIBUTION, ETC. (IMPRINT)
Place of publication, distribution, etc Belmont, Calif. :
Name of publisher, distributor, etc Wadsworth Pub. Co.,
Date of publication, distribution, etc c1988.
300 ## - PHYSICAL DESCRIPTION
Extent xiv, 541 p. :
Other physical details ill. ;
Dimensions 25 cm.
500 ## - GENERAL NOTE
General note Includes index.
504 ## - BIBLIOGRAPHY, ETC. NOTE
Bibliography, etc Bibliography: p. 491-499.
650 #0 - SUBJECT ADDED ENTRY--TOPICAL TERM
Topical term or geographic name as entry element Algebra, Abstract.
General subdivision Mathematics
700 1# - ADDED ENTRY--PERSONAL NAME
Personal name Alexanderson, Gerald L.
906 ## - LOCAL DATA ELEMENT F, LDF (RLIN)
a 7
b cbc
c orignew
d 1
e ocip
f 19
g y-gencatlg
942 ## - ADDED ENTRY ELEMENTS (KOHA)
Source of classification or shelving scheme Library of Congress Classification
Item type Loan - Normal on open shelf
Holdings
Withdrawn status Lost status Source of classification or shelving scheme Damaged status Not for loan Home library Current library Shelving location Date acquired Total Checkouts Full call number Barcode Date last seen Copy number Price effective from Koha item type
    Library of Congress Classification     UOE Main Library UOE Main Library Open shelf 13/05/2015   QA162 .H54 1988 10044045 27/04/2026 10044045 13/05/2015 Loan - Normal on open shelf